| 000 | 00900nam a2200241 u 4500 | ||
|---|---|---|---|
| 005 | 20210223133322.0 | ||
| 008 | 170615s2015 r 000 0 eng d | ||
| 020 | _a9786079475130 (Instituto Mora) | ||
| 020 | _a9786074173550 (Universidad Iberoamericana) | ||
| 035 | _aUPN01000218779 | ||
| 049 | _aCG | ||
| 050 | 4 |
_aHC141 _bM8.4 |
|
| 100 | 1 |
_aMurcia, Walter _940794 |
|
| 245 | 1 | 3 |
_aLa integración centroamericana : _borígenes, avances y desafíos / _cWalter Murcia, Nahuel Oddone, Horacio Rodríguez Vázquez. |
| 260 |
_aMéxico : _bInstituto Mora : _bUniversidad Iberoamericana, _c2015. |
||
| 300 |
_a74 p. : _bfigs., cuadros |
||
| 440 | 0 | _aCuadernos de cooperación internacional y desarrollo | |
| 651 | 4 |
_aAMERICA CENTRAL - _xINTEGRACION ECONOMICA _926110 |
|
| 700 | 1 |
_aOddone, Nahuel, _ecoaut. |
|
| 700 | 1 |
_aRodríguez Vázquez, Horacio, _ecoaut. |
|
| 905 | _aLibro | ||
| 999 |
_c190879 _d190879 |
||